Counties of England - Statistics

General Stats
  • This quiz has been taken 59 times
  • The average score is 31 of 48
Answer Stats
letter Answer % Correct
C Cornwall
80%
D Devon
80%
B Bedfordshire
76%
B Berkshire
76%
B Buckinghamshire
72%
D Dorset
72%
E Essex
72%
H Herefordshire
72%
N Norfolk
72%
N North Yorkshire
72%
S South Yorkshire
72%
S Suffolk
72%
C City of London
68%
E East Sussex
68%
G Gloucestershire
68%
H Hampshire
68%
K Kent
68%
O Oxfordshire
68%
R Rutland
68%
S Somerset
68%
W West Sussex
68%
C Cambridgeshire
64%
C Cumbria
64%
D Derbyshire
64%
H Hertfordshire
64%
L Lancashire
64%
L Lincolnshire
64%
M Merseyside
64%
N Nottinghamshire
64%
S Staffordshire
64%
W West Yorkshire
64%
W Wiltshire
64%
G Greater London
60%
L Leicestershire
60%
N Northumberland
60%
W Warwickshire
60%
W Worcestershire
60%
B Bristol
56%
N Northamptonshire
56%
C County Durham
52%
I Isle of Wight
52%
T Tyne and Wear
52%
C Cheshire
48%
E East Riding of Yorkshire
48%
S Surrey
48%
W West Midlands
48%
G Greater Manchester
44%
S Shropshire
44%
No matching quizzes found
Score Distribution
Percent of People with Each Score
Percentile by Number Answered
Your Score History
You have not taken this quiz